000 00252nam a22001217a 4500
040 _cHS
082 _a636
100 _aPETTER R. CHEEKE
245 _aApplied animal nutrition
260 _aNA
_bPETTER R. CHEEKE
_c1999
300 _a525p;
942 _cEK
999 _c10321
_d10321